000 00800nam a2200157 a 4500
008 120416s9999 xx |||||||||||||| || u
050 _aTH 145 Gib
100 _aDrury, F. E
245 1 0 _aBuilding science, book III
246 _aa course of experimental science for junior building students
350 _a0.00
700 _aGibbins, S. C
995 _aBINDERY (DAMAGED)
_D0.00
_e718122
_FCBU-MAIN LIBRARY (Kitwe)
_H3
_I1.68
_jTH 145 Gib
_M3
_UDAMAGED
_y015030
_ZMain Library Open Access Collection
995 _aBINDERY (DAMAGED)
_D0.00
_e718121
_FCBU-MAIN LIBRARY (Kitwe)
_H1
_I1.68
_jTH 145 Gib
_M2
_UDAMAGED
_y015029
_ZMain Library Open Access Collection
995 _aMAIN LIBRARY OPEN ACCESS
_D0.00
_e015028
_FCBU-MAIN LIBRARY (Kitwe)
_H2
_I1.68
_jTH 145 Gib
_M1
_UAVAILABLE
_y015028
_ZMain Library Open Access Collection
999 _c77827
_d77827